000 00648nam a2200229Ia 4500
003 OSt
005 20220928103851.0
006 a|||||r|||| 00| 0
007 ta
008 220927b |||||||| |||| 00| 0 eng d
024 _a56160
037 _cTextual
040 _aSDCL
_cSDCL
_beng
041 _2eng
_aeng
082 _aV58,4B'N2, L9
100 _aService Robert
_9407356
245 0 _aBolshevik party in revolution
_b A study in organisational change 1917-1923.
260 _aLondon
_bMacmillan
_c1979
300 _a246p.
_ccm.
942 _hV58,4B'N2, L9
_cTEXL
_2CC
999 _c722881
_d722881